书目信息 |
| 题名: |
多媒体信息的融合分析与综合检索
|
|
| 作者: | 张鸿 著 | |
| 分册: | ||
| 出版信息: | 北京 科学出版社 2011 |
|
| 页数: | 155页 | |
| 开本: | 26cm | |
| 丛书名: | ||
| 单 册: | ||
| 中图分类: | G254.92 | |
| 科图分类: | ||
| 主题词: | 多媒体检索系统 | |
| 电子资源: | ||
| ISBN: | 978-7-03-032738-3 | |
| 000 | 00840nam0 22002291 450 | |
| 001 | 524 | |
| 005 | 20140909172320.00 | |
| 010 | @a978-7-03-032738-3@dCNY48.00 | |
| 100 | @a20120118d2011 em y0chiy50 ea | |
| 101 | 0 | @achi |
| 102 | @aCN@b110000 | |
| 105 | @aa z 000yy | |
| 106 | @ar | |
| 200 | 1 | @a多媒体信息的融合分析与综合检索@ADuo Mei Ti Xin Xi De Rong He Fen Xi Yu Zong He Jian Suo@f张鸿著@FZhang Hong Zhu |
| 210 | @a北京@c科学出版社@d2011 | |
| 215 | @a155页@c图@d26cm | |
| 330 | @a本书内容包括:基于文本的信息检索;基于内容的多媒体检索——以CBIR为例;图像的特征提取和降维;音频时序性特征的计算方法;视频多通道特征的结构化方法;跨媒体检索基础知识等。 | |
| 606 | 0 | @a多媒体检索系统 |
| 690 | @aG254.92@v5 | |
| 701 | 0 | @a张鸿@AZhang Hong@g(女,@f1979~)@4著 |
| 801 | 0 | @aCN@bTANGWEI@c20140603 |
| 905 | @b0836289-91@dG254.92@e120@f3 | |
| 多媒体信息的融合分析与综合检索/张鸿著.-北京:科学出版社,2011 |
| 155页:图;26cm |
| ISBN 978-7-03-032738-3:CNY48.00 |
| 本书内容包括:基于文本的信息检索;基于内容的多媒体检索——以CBIR为例;图像的特征提取和降维;音频时序性特征的计算方法;视频多通道特征的结构化方法;跨媒体检索基础知识等。 |
| ● |
| 相关链接 |
|
|
|
|
正题名:多媒体信息的融合分析与综合检索
索取号:G254.92/120
 
预约/预借
| 序号 | 登录号 | 条形码 | 馆藏地/架位号 | 状态 | 备注 |
| 1 | 0836289 | 208362895 | 第一样本阅览室/ [索取号:G254.92/120] | 在馆 | |
| 2 | 0836290 | 208362902 | 第四借阅区/ [索取号:G254.92/120] | 在馆 | |
| 3 | 0836291 | 208362911 | 第四借阅区/ [索取号:G254.92/120] | 在馆 |